| 000 | 00355cam a2200145ua 4500 | ||
|---|---|---|---|
| 003 | OSt | ||
| 005 | 20260213113022.0 | ||
| 008 | 260213b |||||||| |||| 00| 0 eng d | ||
| 041 | _aeng | ||
| 082 |
_a028.702 _bVAR/EN |
||
| 245 | _aEncyclopaedia of general knowledge and world affairs / | ||
| 260 |
_a : _bVarma Brothers. |
||
| 300 | _a595 ; . | ||
| 942 | _cBK | ||
| 999 |
_c3099 _d3099 |
||